Gaming Quiz

Random Gaming Quiz

Kingdom Hearts: Most Lines Quiz Stats

 Plays Quiz not verified by Sporcle

Score 0/25 Timer 06:00
0 Plays Today
Number of lines Character % Correct
446Sora
99.6%
163Donald Duck
98.6%
142Riku
98.4%
150Goofy
98.4%
74Kairi
97.7%
47Ansem, Seeker of Darkness
94.8%
46Maleficent
92.5%
56Leon
91%
27Yuffie
87.3%
30Aladdin
87%
38Ariel
85.9%
30Jack Skellington
85.3%
36Aerith
84.1%
Number of lines Character % Correct
24Tarzan
83.2%
21Hades
82.9%
21Peter Pan
82.4%
33Cid
79.1%
24Jane Porter
78.7%
41Philoctetes
78.6%
29Genie
75.2%
27King Triton
71.9%
22Queen of Hearts
71.2%
46Pooh
55.1%
21Piglet
50.4%
24Owl
41.9%

You're not logged in!

Compare scores with friends on all Sporcle quizzes.
OR
Log In

Show Comments

Extras

Top Quizzes Today


Score Distribution

Your Account Isn't Verified!

In order to create a playlist on Sporcle, you need to verify the email address you used during registration. Go to your Sporcle Settings to finish the process.

Report this User

Report this user for behavior that violates our Community Guidelines.

Details: